<?xml version="1.0" encoding="UTF-8"?>
<record
    xmlns:xsi="http://www.w3.org/2001/XMLSchema-instance"
    xsi:schemaLocation="http://www.loc.gov/MARC21/slim http://www.loc.gov/standards/marcxml/schema/MARC21slim.xsd"
    xmlns="http://www.loc.gov/MARC21/slim">

  <leader>00438nam a2200169   4500</leader>
  <controlfield tag="005">20260512091141.0</controlfield>
  <controlfield tag="008">260512b        |||||||| |||| 00| 0 eng d</controlfield>
  <datafield tag="020" ind1=" " ind2=" ">
    <subfield code="a">9780137865093</subfield>
  </datafield>
  <datafield tag="082" ind1=" " ind2=" ">
    <subfield code="a">658.83</subfield>
    <subfield code="b">SOL-C</subfield>
  </datafield>
  <datafield tag="100" ind1=" " ind2=" ">
    <subfield code="a">Solomon R.Michael</subfield>
  </datafield>
  <datafield tag="245" ind1=" " ind2=" ">
    <subfield code="a">Consumer Behaviour </subfield>
    <subfield code="b">Buying,Having,And Being </subfield>
  </datafield>
  <datafield tag="250" ind1=" " ind2=" ">
    <subfield code="a">14th Ed </subfield>
  </datafield>
  <datafield tag="260" ind1=" " ind2=" ">
    <subfield code="a">USA </subfield>
    <subfield code="b">Pearson Education Publishers </subfield>
  </datafield>
  <datafield tag="300" ind1=" " ind2=" ">
    <subfield code="a">521p</subfield>
  </datafield>
  <datafield tag="650" ind1=" " ind2=" ">
    <subfield code="a">Management </subfield>
  </datafield>
  <datafield tag="942" ind1=" " ind2=" ">
    <subfield code="c">BK</subfield>
  </datafield>
  <datafield tag="999" ind1=" " ind2=" ">
    <subfield code="c">47566</subfield>
    <subfield code="d">47566</subfield>
  </datafield>
  <datafield tag="952" ind1=" " ind2=" ">
    <subfield code="0">0</subfield>
    <subfield code="w">2026-05-12</subfield>
    <subfield code="1">0</subfield>
    <subfield code="4">0</subfield>
    <subfield code="7">0</subfield>
    <subfield code="8">Management Science </subfield>
    <subfield code="a">AUSC</subfield>
    <subfield code="b">AUSC</subfield>
    <subfield code="c">Management Science</subfield>
    <subfield code="d">2026-04-27</subfield>
    <subfield code="e">Ali Book Services</subfield>
    <subfield code="i">AUH11-01</subfield>
    <subfield code="l">0</subfield>
    <subfield code="o">658.83 SOL-C</subfield>
    <subfield code="p">AUHEP0195</subfield>
    <subfield code="r">2026-05-12 09:13:00</subfield>
    <subfield code="y">BK</subfield>
  </datafield>
</record>
